Hannover Biggest Transfers - Statistics

General Stats
  • This quiz has been taken 62 times
  • The average score is 35 of 76
Answer Stats
% Correct
Incomings Togo ST Ihlas Bebou 17/18 Fortuna Dusseldorf
84%
Outgoings Togo ST Ihlas Bebou 19/20 Hoffenheim
84%
Incomings Germany ST Niclas Fullkrug 16/17 Nuremberg
81%
Outgoings Germany ST Niclas Fullkrug 19/20 Werder Bremen
81%
Incomings Spain ST Joselu 14/15 Hoffenheim
77%
Outgoings Spain ST Joselu 15/16 Stoke City
77%
Outgoings Germany GK Ron-Robert Zieler 16/17 Leicester City
77%
Incomings Senegal CB Salif Sane 13/14 Nancy
77%
Outgoings Senegal CB Salif Sane 18/19 Schalke
77%
Incomings Brazil ST Jonathas 17/18 Rubin Kazan
68%
Outgoings Germany AM Lars Stindl 15/16 Borussia Monchengladbach
68%
Outgoings Hungary LM Szabolcs Huszti 08/09 Zenit
68%
Outgoings Hungary LM Szabolcs Huszti 14/15 Changchun Yatai
68%
Incomings Japan AM Genki Haraguchi 18/19 Hertha Berlin
65%
Incomings Germany ST Marvin Ducksch 19/20 Fortuna Dusseldorf
65%
Outgoings Germany ST Marvin Ducksch 21/22 Werder Bremen
65%
Incomings Germany SS Jan Schlaudraff 08/09 Bayern Munich
61%
Incomings Senegal ST Mame Diouf 11/12 Manchester United
61%
Incomings Japan AM Hiroshi Kiyotake 14/15 Nuremberg
58%
Outgoings Japan AM Hiroshi Kiyotake 16/17 Sevilla
58%
Incomings Brazil DM Walace 18/19 Hamburg
58%
Outgoings Brazil DM Walace 19/20 Udinese
58%
Outgoings Germany CB Waldemar Anton 20/21 Stuttgart
58%
Incomings United States ST Bobby Wood 18/19 Hamburg
55%
Incomings Germany RB Julian Korb 17/18 Borussia Monchengladbach
55%
Incomings Austria CB Kevin Wimmer 18/19 Stoke City
55%
Incomings Chile LB Miiko Albornoz 14/15 Malmo
55%
Outgoings Germany CB Per Mertesacker 06/07 Werder Bremen
55%
Incomings Germany RW Felix Klaus 15/16 Freiburg
52%
Outgoings Germany RW Felix Klaus 18/19 Wolfsburg
52%
Incomings Norway CM Iver Fossum 15/16 Stromsgodset
52%
Incomings Kosovo LM Florent Muslija 18/19 Karlsruher
48%
Incomings Brazil CB Marcelo 13/14 PSV
48%
Outgoings Brazil CB Marcelo 16/17 Besiktas
48%
Outgoings Austria RW Martin Harnik 18/19 Werder Bremen
48%
Incomings Germany ST Mike Hanke 07/08 Wolfsburg
48%
Incomings Poland ST Artur Sobiech 11/12 Polonia Warsaw
45%
Incomings Japan RB Hiroki Sakai 12/13 Kashiwa Reysol
45%
Incomings Czech Republic SS Jiri Stajner 02/03 Slovan Liberec
45%
Outgoings Tunisia CB Karim Haggui 13/14 Stuttgart
45%
Incomings Norway ST Mohammed Abdellaoue 10/11 Valerenga
45%
Outgoings Norway ST Mohammed Abdellaoue 13/14 Stuttgart
45%
Incomings Germany RB Oliver Sorg 15/16 Freiburg
45%
Incomings Denmark RW Uffe Bech 15/16 Nordsjaelland
45%
Incomings Curacao ST Charlison Benschop 15/16 Fortuna Dusseldorf
42%
Incomings Germany CB Christian Schulz 07/08 Werder Bremen
42%
Incomings Germany CM Edgar Prib 13/14 Greuther Furth
42%
Incomings Denmark CM Leon Andreasen 08/09 Fulham
42%
Incomings Turkey ST Mevlut Erdinc 15/16 Saint-Etienne
42%
Incomings Germany GK Michael Esser 17/18 Darmstadt
42%
Incomings Germany AM Leonardo Bittencourt 13/14 Borussia Dortmund
39%
Outgoings Germany AM Leonardo Bittencourt 15/16 Koln
39%
Outgoings Austria CB Emanuel Pogatetz 12/13 Wolfsburg
35%
Incomings Croatia CB Josip Elez 18/19 HNK Rijeka
32%
Incomings Switzerland CB Mario Eggimann 08/09 Karlsruher
32%
Outgoings Germany RW Noah Sarenren Bazee 19/20 Augsburg
32%
Incomings Iran ST Vahid Hashemian 05/06 Bayern Munich
32%
Incomings Germany RB Marius Wolf 15/16 1860 Munich
29%
Incomings Japan RW Takuma Asano 18/19 Arsenal
29%
Incomings Brazil DM Franca 12/13 Coritiba
26%
Outgoings Germany ST Gerald Asamoah 99/00 Schalke
26%
Incomings Japan DM Hotaru Yamaguchi 15/16 Cerezo Osaka
26%
Outgoings Japan DM Hotaru Yamaguchi 16/17 Cerezo Osaka
26%
Outgoings Czech Republic AM Jan Simak 02/03 Bayer Leverkusen
26%
Incomings Germany CB Marcel Franke 19/20 Norwich City
26%
Incomings Belgium LB Sebastien Pocognoli 12/13 Standard Liege
26%
Outgoings Belgium LB Sebastien Pocognoli 14/15 West Bromwich Albion
26%
Incomings Germany ST Thomas Brdaric 05/06 Wolfsburg
26%
Incomings Spain ST Thomas Christiansen 03/04 Bochum
26%
Incomings Brazil CB Vinicius Bergantin 03/04 Ituano
26%
Incomings Brazil CB Felipe Trevizan 12/13 Standard Liege
16%
Incomings Switzerland ST Blaise Nkufo 02/03 Mainz
13%
Incomings Bulgaria CM Chavdar Yankov 07/08 Slavia Sofia
13%
Incomings Bulgaria CM Chavdar Yankov 05/06 Slavia Sofia
13%
Incomings Germany DM Hanno Balitsch 05/06 Mainz
13%
Outgoings Germany LM Markus Kreuz 00/01 Koln
6%
No matching quizzes found
Score Distribution
Percent of People with Each Score
Percentile by Number Answered
Your Score History
You have not taken this quiz